[Event "Adygea rapid op"]
[Site "Maikop"]
[Date "2019.05.03"]
[Round "8"]
[White "Pivovarova, Maria"]
[Black "Airapetian, Valentin"]
[Result "1/2-1/2"]
[WhiteElo "2002"]
[BlackElo "1686"]
[PlyCount "78"]
[EventDate "2019.05.02"]
[EventType "swiss (rapid)"]
[EventRounds "9"]
[EventCountry "RUS"]
[SourceTitle "CBM 190 Extra"]
[Source "ChessBase"]
[SourceDate "2019.07.15"]
[SourceVersion "1"]
[SourceVersionDate "2019.07.15"]
[SourceQuality "1"]

1. e4 c5 2. c4 g6 3. Nf3 Bg7 4. d4 cxd4 5. Nxd4 Nc6 6. Be3 Nf6 7. Nc3 0-0 8. Be2 d6 9. 0-0 Bd7 10. Rc1 Rc8 11. b3 Ne5 12. f3 Re8 13. Qd2 Qa5 14. Rfd1 Nc6 15. Bf1 a6 16. Qf2 Nxd4 17. Bxd4 b5 18. Bb6 Qb4 19. Nd5 Nxd5 20. cxd5 Rxc1 21. Rxc1 Rc8 22. Rxc8+ Bxc8 23. Qc2 Qc3 24. Qxc3 Bxc3 25. Kf2 f5 26. g3 fxe4 27. fxe4 Kf7 28. Ke3 Bb2 29. Bd4 Bc1+ 30. Kd3 e5 31. Bb6 g5 32. Kc3 g4 33. a4 bxa4 34. bxa4 Bd7 35. Kb3 Bc8 36. Bf2 Bd2 37. Kc2 Bb4 38. Be3 h5 39. Kb3 Be1 1/2-1/2

[Event "Sochi Amateur op 6th"]
[Site "Sochi"]
[Date "2019.04.09"]
[Round "4"]
[White "Dzapshba, Ruslan"]
[Black "Airapetian, Valentin"]
[Result "0-1"]
[WhiteElo "1730"]
[BlackElo "1708"]
[PlyCount "164"]
[EventDate "2019.04.07"]
[EventType "swiss"]
[EventRounds "9"]
[EventCountry "RUS"]
[SourceTitle "CBM 189 Extra"]
[Source "ChessBase"]
[SourceDate "2019.06.03"]
[SourceVersion "1"]
[SourceVersionDate "2019.06.03"]
[SourceQuality "1"]

1. e4 c5 2. Nc3 Nc6 3. d3 g6 4. g3 Bg7 5. Bg2 a6 6. f4 b5 7. Rb1 Qc7 8. a3 e6 9. Nf3 Bb7 10. 0-0 Rc8 11. f5 Nd4 12. Ng5 gxf5 13. Qh5 d6 14. exf5 Nf6 15. Qd1 Bxg2 16. Kxg2 Nxf5 17. Qe2 Nd4 18. Qf2 0-0 19. Nce4 Nxe4 20. Nxe4 Qc6 21. Kh3 f5 22. Nd2 Rf6 23. Nf3 Bh6 24. Nh4 Bxc1 25. Rbxc1 Qd7 26. Qf4 Rf7 27. Qh6 Rcf8 28. c3 Nc6 29. Kg2 Ne5 30. d4 Ng4 31. Qd2 c4 32. h3 Nf6 33. Kh2 Ne4 34. Qe3 d5 35. Nf3 Rg7 36. Ne5 Qe7 37. Rc2 Rxg3 38. Rg1 f4 39. Rxg3+ fxg3+ 40. Kg2 Qh4 41. Ng4 Kg7 42. Re2 Rf5 43. Re1 Rh5 44. Rh1 Rf5 45. Re1 Qg5 46. Qxg5+ Rxg5 47. Ne5 Rf5 48. Nf3 Rf4 49. Re2 Kf6 50. Re3 h5 51. Re2 h4 52. Rc2 Nf2 53. Nxh4 Rxh4 54. Kxg3 Rxh3+ 55. Kg2 Re3 56. Kxf2 Re4 57. Kf3 Ke7 58. Rh2 Re1 59. Kf2 Rb1 60. Ke3 Kd6 61. Kf4 a5 62. Kg5 Rf1 63. Re2 Rf8 64. Kg6 b4 65. axb4 axb4 66. Kg7 Rf4 67. Kg6 bxc3 68. bxc3 Rf3 69. Rc2 e5 70. dxe5+ Kxe5 71. Re2+ Kd6 72. Rc2 Kc5 73. Kg5 d4 74. cxd4+ Kxd4 75. Kg4 Rf8 76. Rd2+ Kc3 77. Rd7 Kc2 78. Rc7 c3 79. Rc6 Kd2 80. Rd6+ Kc1 81. Rc6 c2 82. Rc7 Rd8 0-1

[Event "Sochi Amateur op 6th"]
[Site "Sochi"]
[Date "2019.04.08"]
[Round "2"]
[White "Mezhov, Dmitriy"]
[Black "Airapetian, Valentin"]
[Result "1-0"]
[WhiteElo "1974"]
[BlackElo "1708"]
[PlyCount "67"]
[EventDate "2019.04.07"]
[EventType "swiss"]
[EventRounds "9"]
[EventCountry "RUS"]
[SourceTitle "CBM 189 Extra"]
[Source "ChessBase"]
[SourceDate "2019.06.03"]
[SourceVersion "1"]
[SourceVersionDate "2019.06.03"]
[SourceQuality "1"]

1. d4 Nf6 2. c4 e6 3. Nc3 Bb4 4. e3 0-0 5. Bd3 d5 6. Nge2 c5 7. cxd5 cxd4 8. exd4 Nxd5 9. 0-0 Nc6 10. a3 Be7 11. Nxd5 Qxd5 12. Be3 Bf6 13. Nc3 Qd8 14. d5 Ne5 15. Be2 g6 16. f4 Nd7 17. dxe6 fxe6 18. Qb3 Qe7 19. Ne4 Bg7 20. Bc4 Nb6 21. Bc5 Qc7 22. Bxf8 Bd4+ 23. Kh1 Qxc4 24. Qxc4 Nxc4 25. Bc5 Bxb2 26. Rad1 b6 27. Rd8+ Kg7 28. Bf8+ Kf7 29. Nd6+ Nxd6 30. Bxd6 Bf6 31. Rf8+ Kg7 32. Rc1 Bb7 33. Rc7+ Kh6 34. Rxb7 1-0

[Event "Dvorkovich Memorial op"]
[Site "Taganrog"]
[Date "2019.01.14"]
[Round "5"]
[White "Airapetian, Valentin"]
[Black "Lopukhin, Anatoly Viktorovich"]
[Result "0-1"]
[WhiteElo "1768"]
[BlackElo "2282"]
[PlyCount "92"]
[EventDate "2019.01.10"]
[EventType "swiss"]
[EventRounds "9"]
[EventCountry "RUS"]
[SourceTitle "CBM 188 Extra"]
[Source "ChessBase"]
[SourceDate "2019.02.26"]
[SourceVersion "1"]
[SourceVersionDate "2019.02.26"]
[SourceQuality "1"]

1. e4 c5 2. Nf3 Nc6 3. d4 cxd4 4. Nxd4 g6 5. Be3 Bg7 6. Be2 Nf6 7. Nc3 0-0 8. Qd2 d5 9. Nxc6 bxc6 10. Rd1 Bb7 11. e5 Nd7 12. f4 Qc7 13. 0-0 e6 14. Na4 c5 15. c3 c4 16. Bf3 Rfc8 17. Qf2 Qa5 18. b3 Bc6 19. Nc5 cxb3 20. Nxd7 Bxd7 21. Bd4 Bb5 22. Be2 Bxe2 23. Qxe2 Qxa2 24. Qxa2 bxa2 25. Ra1 a5 26. Rxa2 a4 27. Rfa1 Rc4 28. Kf2 Bf8 29. Ke2 Bc5 30. Bxc5 Rxc5 31. Kd3 Rc4 32. g3 Kg7 33. Rb1 a3 34. Rb3 Rca4 35. Rb7 h6 36. Rb4 g5 37. fxg5 hxg5 38. Rb7 R8a7 39. Rb4 g4 40. Ke3 Kg6 41. Kf4 Rxb4+ 42. cxb4 Ra4 43. Kxg4 Rxb4+ 44. Kf3 Ra4 45. g4 Kg5 46. Kg3 Rxg4+ 0-1

[Event "Dvorkovich Memorial op"]
[Site "Taganrog"]
[Date "2019.01.12"]
[Round "3"]
[White "Mikhailov, Sergey"]
[Black "Airapetian, Valentin"]
[Result "1-0"]
[WhiteElo "2285"]
[BlackElo "1768"]
[PlyCount "67"]
[EventDate "2019.01.10"]
[EventType "swiss"]
[EventRounds "9"]
[EventCountry "RUS"]
[SourceTitle "CBM 188 Extra"]
[Source "ChessBase"]
[SourceDate "2019.02.26"]
[SourceVersion "1"]
[SourceVersionDate "2019.02.26"]
[SourceQuality "1"]

1. c4 Nf6 2. Nc3 g6 3. g3 Bg7 4. Bg2 d6 5. d4 0-0 6. Nf3 Nbd7 7. 0-0 c5 8. h3 cxd4 9. Nxd4 Nb6 10. b3 d5 11. c5 Nbd7 12. c6 Nb6 13. Ba3 Re8 14. Rc1 e5 15. cxb7 Bxb7 16. Nf3 Rc8 17. Nb5 Rxc1 18. Qxc1 Ba6 19. Nc7 Bxe2 20. Nxe8 Nxe8 21. Re1 Bxf3 22. Bxf3 e4 23. Qc6 Nf6 24. Bg2 h5 25. Qb7 Nfd7 26. Qxa7 Qf6 27. Qc7 Qd4 28. Qc2 Qf6 29. Rd1 h4 30. gxh4 Qxh4 31. Bb2 Qg5 32. Bxg7 Kxg7 33. Qd2 Qh6 34. Qd4+ 1-0

[Event "Sochi ChessAmateur op10"]
[Site "Sochi"]
[Date "2018.10.16"]
[Round "7"]
[White "Tjulenev, Sergei"]
[Black "Airapetian, Valentin"]
[Result "0-1"]
[WhiteElo "1938"]
[BlackElo "1801"]
[PlyCount "107"]
[EventDate "2018.10.12"]
[EventType "swiss"]
[EventRounds "9"]
[EventCountry "RUS"]
[SourceTitle "CBM 187 Extra"]
[Source "ChessBase"]
[SourceDate "2018.11.04"]
[SourceVersion "1"]
[SourceVersionDate "2018.11.04"]
[SourceQuality "1"]

1. d4 Nf6 2. c4 g6 3. Nc3 d6 4. e4 Bg7 5. Be2 0-0 6. Bg5 Nbd7 7. Qd2 Re8 8. h4 c5 9. d5 Qa5 10. g4 Ne5 11. f3 Qb4 12. Nb5 Qxd2+ 13. Kxd2 Rd8 14. Rf1 a6 15. Nc3 Bd7 16. a4 Rdb8 17. Bd3 Nxd3 18. Kxd3 b5 19. axb5 axb5 20. b3 bxc4+ 21. bxc4 Ra3 22. Nge2 h6 23. Bd2 Rb4 24. Ra1 Rxa1 25. Rxa1 Rb8 26. Ra7 Be8 27. g5 Nd7 28. f4 hxg5 29. hxg5 f6 30. gxf6 Bxf6 31. Nb5 Nf8 32. Bc3 Bxb5 33. cxb5 Rxb5 34. e5 dxe5 35. fxe5 Bg5 36. Kc4 Rb8 37. Kxc5 Kf7 38. e6+ Ke8 39. Be5 Rc8+ 40. Kd4 Bd2 41. Ra3 Bg5 42. Rg3 Bf6 43. Nf4 g5 44. Nd3 Rd8 45. Ke4 Ng6 46. Rh3 Nh4 47. Bg3 Rc8 48. Ne5 Ra8 49. Bxh4 gxh4 50. Rb3 Kf8 51. Kf5 Kg7 52. Rb4 Ra5 53. Rg4+ Kh7 54. Ke4 0-1

[Event "Sochi ChessAmateur op10"]
[Site "Sochi"]
[Date "2018.10.15"]
[Round "6"]
[White "Airapetian, Valentin"]
[Black "Mitoyan, Zhores"]
[Result "1/2-1/2"]
[WhiteElo "1801"]
[BlackElo "1589"]
[PlyCount "125"]
[EventDate "2018.10.12"]
[EventType "swiss"]
[EventRounds "9"]
[EventCountry "RUS"]
[SourceTitle "CBM 187 Extra"]
[Source "ChessBase"]
[SourceDate "2018.11.04"]
[SourceVersion "1"]
[SourceVersionDate "2018.11.04"]
[SourceQuality "1"]

1. e4 e5 2. Nf3 Nc6 3. Bb5 a6 4. Ba4 Nf6 5. 0-0 Be7 6. Re1 b5 7. Bb3 0-0 8. c3 d6 9. h3 Bb7 10. d4 exd4 11. cxd4 Na5 12. Bc2 c5 13. d5 Nc4 14. b3 Nb6 15. Nbd2 Rc8 16. Nf1 Nfd7 17. Bf4 Bf6 18. Rb1 Ne5 19. Nxe5 Bxe5 20. Bxe5 dxe5 21. Ne3 Ra8 22. Qg4 Bc8 23. Qg3 Qd6 24. Rbd1 Bd7 25. Ng4 Bxg4 26. Qxg4 c4 27. Re3 cxb3 28. Bxb3 a5 29. Rc1 a4 30. Rc6 Qd8 31. Rg3 g6 32. Bc2 Rc8 33. Rxc8 Qxc8 34. Qd1 Rd8 35. Qb1 Qc5 36. Bd3 b4 37. Bf1 Nc8 38. Qb2 Nd6 39. Qe2 Qd4 40. Re3 Rb8 41. Qc2 b3 42. axb3 axb3 43. Rxb3 Rxb3 44. Qxb3 Nxe4 45. Qa2 Nc3 46. Qb3 Ne4 47. Qa2 Qd2 48. Qxd2 Nxd2 49. Be2 Kf8 50. f3 Ke7 51. Kf2 Kd6 52. Ke3 Nb3 53. Bc4 Nc5 54. g4 Nd7 55. g5 Nb6 56. Bb3 Nxd5+ 57. Ke4 Nf4 58. h4 Ne6 59. Ba2 Nc5+ 60. Ke3 Ke7 61. Bb1 Nd7 62. f4 exf4+ 63. Kxf4 1/2-1/2

[Event "Yuzhny FO-ch op"]
[Site "Armavir"]
[Date "2015.02.??"]
[Round "3"]
[White "Airapetian, Valentin"]
[Black "Vinnichuk, Liudmila"]
[Result "1-0"]
[WhiteElo "1768"]
[BlackElo "1556"]
[PlyCount "91"]
[EventDate "2015.02.13"]
[EventType "swiss"]
[EventRounds "9"]
[EventCountry "RUS"]
[SourceTitle "CBM 165 Extra"]
[Source "ChessBase"]
[SourceDate "2015.04.21"]
[SourceVersion "1"]
[SourceVersionDate "2015.04.21"]
[SourceQuality "1"]

1. e4 c5 2. Nf3 Nc6 3. d4 cxd4 4. Nxd4 e5 5. Nb5 a6 6. Nd6+ Bxd6 7. Qxd6 Qf6 8. Qc5 d6 9. Qc3 Nge7 10. Be3 Bd7 11. Qd2 h6 12. Na3 b5 13. c4 b4 14. Nc2 a5 15. Rd1 Nc8 16. c5 0-0 17. cxd6 Rd8 18. Bb5 Be8 19. Bc5 Qg6 20. f3 Rb8 21. Ba4 Nb6 22. Bxb6 Rxb6 23. 0-0 Ne7 24. d7 Bxd7 25. Bxd7 Rb7 26. Bf5 Rxd2 27. Bxg6 Rxd1 28. Bxf7+ Kxf7 29. Rxd1 Rc7 30. Rd2 Nc6 31. Kf2 Nd4 32. Nxd4 exd4 33. Ke2 Rd7 34. Kd3 Ke6 35. f4 g5 36. f5+ Ke5 37. Rc2 Kf6 38. Rc6+ Kg7 39. b3 Kh7 40. Rc5 Kg7 41. Rxa5 Rc7 42. Kxd4 Rc2 43. Ke5 Rxg2 44. Ra7+ Kh8 45. Kf6 g4 46. Kg6 1-0

[Event "Golubitskaya op"]
[Site "Golubitskaya"]
[Date "2014.06.22"]
[Round "2"]
[White "Airapetian, Valentin"]
[Black "Chumak, Vadim"]
[Result "1/2-1/2"]
[WhiteElo "1814"]
[BlackElo "1730"]
[PlyCount "76"]
[EventDate "2014.06.21"]
[EventType "swiss"]
[EventRounds "9"]
[EventCountry "RUS"]
[SourceTitle "EXT 2015"]
[Source "ChessBase"]
[SourceDate "2014.11.20"]
[SourceVersion "1"]
[SourceVersionDate "2014.11.20"]
[SourceQuality "1"]

1. e4 d6 2. d4 Nf6 3. Nc3 e5 4. d5 Be7 5. h3 0-0 6. Bd3 c6 7. Be3 cxd5 8. Nxd5 Nxd5 9. exd5 f5 10. Bc4 f4 11. Bd2 e4 12. Qe2 e3 13. fxe3 fxe3 14. Bxe3 Bh4+ 15. Kd2 Bg5 16. Nf3 Bxe3+ 17. Qxe3 b5 18. Bb3 Re8 19. Qd4 a5 20. a3 a4 21. Ba2 Bf5 22. Rae1 Nd7 23. g4 Qa5+ 24. c3 Bg6 25. Re6 Nc5 26. Rxe8+ Rxe8 27. Re1 Rf8 28. Re7 Ne4+ 29. Kc1 Nf6 30. Nh4 Bf7 31. Nf5 Qd8 32. Nh6+ gxh6 33. Qxf6 Qb6 34. Qd4 Qxd4 35. cxd4 Bg6 36. Kd2 Rf2+ 37. Re2 Rf3 38. Re3 Rf2+ 1/2-1/2

[Event "Krasnodar Region Cup"]
[Site "Krasnodar"]
[Date "2013.01.23"]
[Round "1"]
[White "Nazarov, Mikhail"]
[Black "Airapetian, Valentin"]
[Result "1-0"]
[WhiteElo "2132"]
[BlackElo "1780"]
[PlyCount "93"]
[EventDate "2013.01.23"]
[EventType "swiss"]
[EventRounds "8"]
[EventCountry "RUS"]
[SourceTitle "EXT 2023"]
[Source "ChessBase"]
[SourceDate "2022.10.05"]
[SourceVersion "1"]
[SourceVersionDate "2022.10.05"]
[SourceQuality "1"]

1. Nf3 Nf6 2. c4 g6 3. d4 Bg7 4. Nc3 0-0 5. e4 d6 6. Be2 Nbd7 7. 0-0 e5 8. d5 Nc5 9. Qc2 a5 10. Ne1 Nh5 11. Bxh5 gxh5 12. Nd3 Nxd3 13. Qxd3 f5 14. exf5 Bxf5 15. Ne4 Qe8 16. f3 Qg6 17. Bd2 Kh8 18. Kh1 b6 19. Rae1 Rg8 20. Rg1 Raf8 21. Qe3 h6 22. b3 Bd7 23. a3 Rf7 24. b4 axb4 25. axb4 Ra8 26. Ra1 Rff8 27. c5 bxc5 28. bxc5 Bf5 29. cxd6 cxd6 30. Bb4 Bxe4 31. Qxe4 Qf6 32. h3 Rfc8 33. Rgc1 Bf8 34. Bd2 Be7 35. Rxa8 Rxa8 36. Rc7 Rg8 37. Bxh6 Rg6 38. Rxe7 Rxh6 39. Re8+ Kg7 40. Qa4 Qf7 41. Ra8 Kf6 42. Ra7 Qxd5 43. Qh4+ Kg6 44. Qe7 Kf5 45. Qf8+ Rf6 46. g4+ Kg5 47. Rg7+ 1-0

[Event "Doroshkevich Memorial op"]
[Site "Sochi"]
[Date "2012.11.26"]
[Round "1"]
[White "Airapetian, Valentin"]
[Black "Rjabzev, Konstantin"]
[Result "0-1"]
[WhiteElo "1807"]
[BlackElo "2287"]
[PlyCount "66"]
[EventDate "2012.11.26"]
[EventType "swiss"]
[EventRounds "9"]
[EventCountry "RUS"]
[SourceTitle "EXT 2014"]
[Source "ChessBase"]
[SourceDate "2013.11.20"]
[SourceVersion "1"]
[SourceVersionDate "2013.11.20"]
[SourceQuality "1"]

1. e4 d6 2. d4 Nf6 3. f3 e5 4. Be3 exd4 5. Bxd4 Nc6 6. Bc3 d5 7. exd5 Nxd5 8. Qe2+ Be6 9. Bd2 Bc5 10. Nc3 Nd4 11. Qe4 f5 12. Qe5 Nxc2+ 13. Kd1 Nce3+ 14. Kc1 Qf6 15. Qxf6 gxf6 16. Nxd5 Bxd5 17. Bxe3 Bxe3+ 18. Kc2 0-0-0 19. Bd3 f4 20. Bf5+ Kb8 21. Ne2 Rhg8 22. Bh3 Bc4 23. Nc1 Rg5 24. Rd1 Rxd1 25. Kxd1 Bf1 26. Kc2 Bxg2 27. Bxg2 Rxg2+ 28. Kc3 Rxh2 29. Nd3 h5 30. a4 h4 31. Rd1 c6 32. b4 h3 33. b5 Kc7 0-1